Tam üyelik başvurusunun 7. yılında Türkiye-Avrupa ilişkileri (Record no. 5502)

MARC details
000 -BAŞLIK
Sabit Uzunlukta Kontrol Alanı 00838na a2200229 4500
001 - KONTROL NUMARASI
Denetim Alanı 18529
003 - KONTROL NUMARASI IDENTIFIER
Denetim Alanı MIRAKIL
005 - SON İŞLEM TARİHİ VE ZAMANI
Denetim Alanı 20181213155038.0
008 - SABİT-BOY VERİ ELEMANLARI - GENEL BİLGİLER
Sabit Uzunlukta Kontrol Alanı 161121b tu 000 0
040 ## - KATALOGLAMA KAYNAK
Orijinal Kataloglama Ajansı Milas
Kataloglama Dili tur
Metne Dönüştürmek Ajansı TR-AnCHP
041 ## - DİL KODU
Metin / Ses Parça Veya Ayrı Başlığın Dil Kodu tur
082 ## - DEWEY ONLU SINIFLANDIRMA NUMARASI
Sınıflandırma Numarası 327.561043
Ürün Numarası T25t 1994
090 ## - SINIFLAMA NUMARASI
Sınıflama Numarası 327.561043 T25t 1994
111 ## - ANA GİRİŞ - TOPLANTI ADI
Giriş Elemanı Olarak Toplantı Adı Veya Yargı Alanı Adı Tam Üyelik Başvurusunun 7. Yılında Türkiye-Avrupa İlişkileri
Toplantının Yeri Ankara
Toplantı Veya Antlaşma İmzalandığı Tarihi 1994
245 ## - BAŞLIK TABLOSU
Başlık Tam üyelik başvurusunun 7. yılında Türkiye-Avrupa ilişkileri
Sorumluluk Tablosu, Vb Türkiye-Avrupa Topluluğu Derneği
260 ## - YAYIN, DAĞITIM, VB
Yayın, Dağıtım, Vb Yeri Ankara
Yayıncı, Dağıtıcı, Vs Adı Türkiye-Avrupa Topluluğu Derneği
Yayın, Dağıtım, Vb Tarihi 1994
300 ## - FİZİKSEL TANIM
Kapsam 28 s.
Boyutlar 20 sm.
650 ## - KONU KATMA GİRİŞ - TOPİKAL DÖNEM
Topikal Süreli Veya Coğrafi Ad Giriş Elemanı Avrupa Birliği
Genel Alt Bölümü Tam üyelik
Kronolojik Alt Bölümü Toplantılar
Coğrafi Alt Bölümü Türkiye
651 ## - KONU KATMA GİRİŞ - COĞRAFİ ADI
Coğrafi İsim Türkiye
Genel Alt Bölümü Uluslararası ilişkiler
Kronolojik Alt Bölümü Toplantılar
Coğrafi Alt Bölümü Avrupa
710 ## - KATMA GİRİŞ - KURUMSAL ADI
Giriş Elemanı Olarak Kurumsal Ad Veya Yargı Alanı Adı Türkiye-Avrupa Topluluğu Derneği
942 ## - EKLENDİ GİRİŞ ELEMANLARI (KOHA)
Sınıflandırma Veya Raf Düzeni Kaynak Dewey Decimal Classification
Koha Öğesi Türü Books
999 ## - SİSTEM KONTROL NUMARALARI (KOHA)
Koha Biblionumber 5502
Koha Biblioitemnumber 5502
Holdings
Kalıcı Konum Mevcut Konum Edinme Tarihi Edinim Kaynak Toplam Check-Out'Lar Tam Çağrı Numarası Barkod Tarih Son Görülme İtibaren Geçerli Fiyatlar Koha Öğesi Türü
CHP Kütüphanesi CHP Kütüphanesi 11/21/2016 Bağış   327.561043 T25t 1994 008810 11/21/2016 11/21/2016 Books